Psychologické účinky nezamestnanosti

Vývoj a profilácia osobnosti nezamestnaného. Činnosť klubov nezamestnaných.

Bibliographic Details
Main Author: Babková, Anna (Author)
Format: Article
Language:Slovak

MARC

LEADER 00000nab a2200000 a 4500
001 vtls001502679
003 SK-MaSNL
005 20260304143517.0
008 250505s1997 xo 000 0 slo
035 |a SPKCL5006 
035 |a urn:nbn:sk:snk-ab1ibg 
035 |a (urnnbn)urn:nbn:sk:snk:ar-003zdb 
035 |a (uuid)87162325-4762-4c09-b693-25285964f00f 
040 |a SNKBUCL  |b slo  |c SNKBUCL  |e AACR2 
041 0 |a slo 
044 |a xo  |c SK 
080 |a 331.56:159.9  |2 1981 
100 1 |a Babková, Anna  |4 aut  |9 902770 
245 1 0 |a Psychologické účinky nezamestnanosti  |c Anna Babková 
520 |a Vývoj a profilácia osobnosti nezamestnaného. Činnosť klubov nezamestnaných. 
773 0 |t Knižnice a informácie  |g Roč. 29, č. 6 (1997) s. 265-267 
850 |a Slovenská národná knižnica 
852 |a Slovenská národná knižnica 
954 |a odborná, vedecká literatúra pôvodná (slovenská)  |2 lita 
958 |a article2022 
958 |a OND 
958 |a EUIPO 
999 |c 2925813  |d 2927743